000 00296nam a2200121Ia 4500
008 190216s9999||||xx |||||||||||||| ||und||
100 _aArthur I Vogel
245 0 _aText Book Of Quantitative Inorganic Analysis
260 _bLongmans
_c1961
300 _a1214p
650 _aChemistry
942 _cBK
999 _c2320
_d2320